[Event "Skalica op-B"]
[Site "Skalica"]
[Date "2023.08.27"]
[Round "9"]
[White "Rozboril, Alex"]
[Black "Drabek, Martin"]
[Result "1/2-1/2"]
[WhiteElo "1132"]
[BlackElo "1503"]
[PlyCount "61"]
[EventDate "2023.08.19"]
[EventType "swiss"]
[EventRounds "9"]
[EventCountry "SVK"]
[SourceTitle "CBM 215 Extra"]
[Source "ChessBase"]
[SourceDate "2023.09.30"]
[SourceVersion "1"]
[SourceVersionDate "2023.09.30"]
[SourceQuality "1"]

1. d4 d5 2. c4 e6 3. Nf3 Nf6 4. Nc3 Be7 5. e3 0-0 6. g3 Nbd7 7. Bg2 dxc4 8. Nd2 Nb6 9. Qe2 c6 10. Nxc4 Nxc4 11. Qxc4 Nd5 12. Nxd5 cxd5 13. Qb3 b6 14. 0-0 Ba6 15. Re1 Rc8 16. Qa4 Bc4 17. b3 b5 18. Qxa7 Bb4 19. Ba3 Ra8 20. Qxa8 Qxa8 21. Bxb4 Rc8 22. bxc4 Rxc4 23. Bc5 h6 24. Bf1 Rc2 25. Bxb5 Qa5 26. Bd3 Rd2 27. Bb1 Qc3 28. a4 g6 29. Ra3 Qa5 30. Rc1 Rb2 31. Bd3 1/2-1/2

[Event "Skalica op-B"]
[Site "Skalica"]
[Date "2023.08.19"]
[Round "1"]
[White "Kubis, Ivan"]
[Black "Drabek, Martin"]
[Result "1/2-1/2"]
[WhiteElo "1823"]
[BlackElo "1503"]
[PlyCount "99"]
[EventDate "2023.08.19"]
[EventType "swiss"]
[EventRounds "9"]
[EventCountry "SVK"]
[SourceTitle "CBM 215 Extra"]
[Source "ChessBase"]
[SourceDate "2023.09.30"]
[SourceVersion "1"]
[SourceVersionDate "2023.09.30"]
[SourceQuality "1"]

1. e4 e5 2. Nf3 Nc6 3. Bb5 Nf6 4. 0-0 d6 5. c3 Bd7 6. Re1 Be7 7. d4 exd4 8. cxd4 0-0 9. Nc3 h6 10. h3 a6 11. Ba4 Nb4 12. Bb3 Nc6 13. Be3 b5 14. e5 dxe5 15. dxe5 Nh7 16. Nd5 Rc8 17. Rc1 Re8 18. Nxe7+ Nxe7 19. Bc5 Be6 20. Nd4 Bxb3 21. Qxb3 Qd5 22. Qa3 Nc6 23. Nxc6 Qxc6 24. f4 Qe6 25. g4 Nf8 26. f5 Qd5 27. Rcd1 Qc6 28. e6 fxe6 29. Bxf8 Rxf8 30. Rxe6 Qc2 31. Rde1 Rcd8 32. R6e2 Qc4 33. Qxa6 Rd6 34. Qa7 Rd3 35. Re3 Rfd8 36. b3 Qc2 37. R1e2 Rd2 38. Kf2 Rxe2+ 39. Rxe2 Rd2 40. Qe3 Rxe2+ 41. Qxe2 Qc5+ 42. Kf1 Qc1+ 43. Kg2 Qc6+ 44. Kg3 Qd6+ 45. Kf3 Qc6+ 46. Qe4 Qc3+ 47. Qe3 Qc6+ 48. Qe4 Qc2 49. Qe3 Qc6+ 50. Qe4 1/2-1/2

[Event "SVK-chT4 A21 2223"]
[Site "Slovakia"]
[Date "2023.02.12"]
[Round "8.3"]
[White "Lauko, Tomas"]
[Black "Drabek, Martin"]
[Result "1-0"]
[WhiteElo "1709"]
[BlackElo "1480"]
[PlyCount "147"]
[EventDate "2022.10.09"]
[EventType "team-tourn"]
[EventRounds "11"]
[EventCountry "SVK"]
[SourceTitle "EXT 2024"]
[Source "ChessBase"]
[SourceDate "2023.10.10"]
[SourceVersion "1"]
[SourceVersionDate "2023.10.10"]
[SourceQuality "1"]
[WhiteTeam "Gbely Interchess"]
[BlackTeam "Skalica II"]
[WhiteTeamCountry "SVK"]
[BlackTeamCountry "SVK"]

1. e4 e5 2. Nf3 Nc6 3. Nc3 Nf6 4. d4 exd4 5. Nxd4 Bb4 6. Bg5 Bxc3+ 7. bxc3 h6 8. Bh4 a6 9. Nxc6 bxc6 10. Qd4 d6 11. Bc4 Qe7 12. 0-0 Qe5 13. Rae1 a5 14. f4 Qxd4+ 15. cxd4 Ba6 16. Bxa6 Rxa6 17. Bxf6 gxf6 18. Rf3 Rb6 19. Ra3 Kd7 20. Rxa5 Rb5 21. Ra3 Rb2 22. Re2 Rhb8 23. Rb3 R8xb3 24. axb3 Ra2 25. Kf2 Ra5 26. h3 c5 27. e5 cxd4 28. exf6 Rf5 29. Re7+ Kd8 30. Rxf7 Ke8 31. Rxc7 Rxf4+ 32. Ke2 Rxf6 33. Kd3 Rf2 34. Rh7 Rxg2 35. Rxh6 Kd7 36. Rh4 Kc6 37. Rg4 Rh2 38. h4 d5 39. Rxd4 Rh3+ 40. Kd2 Rh2+ 41. Kc1 Kc5 42. c3 Rh3 43. Kb2 Rh2+ 44. Ka3 Rh3 45. b4+ Kc6 46. Kb3 Rh1 47. Rg4 Rb1+ 48. Kc2 Rh1 49. Kd2 Rh3 50. Rg6+ Kb5 51. Rh6 Kc4 52. Rc6+ Kb5 53. Rc5+ Kb6 54. Rxd5 Rxh4 55. Kc2 Kc6 56. Rd2 Kb5 57. Kb3 Rh3 58. Rd5+ Kc6 59. Kc4 Rh4+ 60. Rd4 Rh5 61. Rg4 Rf5 62. Rg6+ Kb7 63. b5 Rf4+ 64. Kb3 Rf1 65. c4 Rb1+ 66. Kc3 Rc1+ 67. Kb4 Rb1+ 68. Kc5 Rf1 69. Rg7+ Kb8 70. Kb6 Rf6+ 71. Ka5 Rf5 72. Ka6 Rc5 73. Rg8+ Kc7 74. b6+ 1-0

[Event "SVK-chT4 A21 2223"]
[Site "Slovakia"]
[Date "2023.01.29"]
[Round "7.3"]
[White "Drabek, Martin"]
[Black "Kubis, Ivan"]
[Result "0-1"]
[WhiteElo "1480"]
[BlackElo "1823"]
[PlyCount "106"]
[EventDate "2022.10.09"]
[EventType "team-tourn"]
[EventRounds "11"]
[EventCountry "SVK"]
[SourceTitle "EXT 2024"]
[Source "ChessBase"]
[SourceDate "2023.10.10"]
[SourceVersion "1"]
[SourceVersionDate "2023.10.10"]
[SourceQuality "1"]
[WhiteTeam "Skalica II"]
[BlackTeam "Petrova Ves"]
[WhiteTeamCountry "SVK"]
[BlackTeamCountry "SVK"]

1. e4 e5 2. Nf3 Nc6 3. Bc4 Nf6 4. d3 Be7 5. Nc3 d6 6. h3 Na5 7. Bb3 Nxb3 8. axb3 0-0 9. 0-0 h6 10. Be3 a6 11. d4 exd4 12. Nxd4 c5 13. Nf3 Re8 14. Qd3 Qc7 15. Nd5 Nxd5 16. exd5 b5 17. Rfe1 c4 18. Qc3 Bb7 19. bxc4 bxc4 20. Qd2 Bf6 21. c3 Qd7 22. Bf4 Rxe1+ 23. Rxe1 a5 24. Ra1 a4 25. Qe2 Bxd5 26. Rd1 Ra5 27. Nd4 a3 28. bxa3 Bb7 29. Qxc4 Be5 30. Nb3 Ra4 31. Qd3 Bxf4 32. Nc5 Qc6 33. Nxb7 Qxb7 34. Rb1 Qe4 35. Qxe4 Rxe4 36. g3 Be5 37. Rb3 g5 38. Rb4 Re1+ 39. Kg2 Bxc3 40. Rb3 Bd4 41. Rd3 Bc5 42. Kf3 Ra1 43. Kg4 Rxa3 44. Rd2 Kg7 45. h4 Ra4+ 46. Kh3 g4+ 47. Kg2 Ra3 48. Rd5 Rf3 49. Rd2 Kf6 50. Rc2 Kf5 51. Kf1 Rxf2+ 52. Rxf2+ Bxf2 53. Kxf2 Ke4 0-1

[Event "Skalica op-B"]
[Site "Skalica"]
[Date "2022.08.27"]
[Round "8"]
[White "Valkovic, Roman"]
[Black "Drabek, Martin"]
[Result "1-0"]
[WhiteElo "1321"]
[BlackElo "1540"]
[PlyCount "75"]
[EventDate "2022.08.20"]
[EventType "swiss"]
[EventRounds "9"]
[EventCountry "SVK"]
[SourceTitle "CBM 209 Extra"]
[Source "ChessBase"]
[SourceDate "2022.09.30"]
[SourceVersion "1"]
[SourceVersionDate "2022.09.30"]
[SourceQuality "1"]

1. d4 d5 2. c4 e6 3. Nc3 Nf6 4. cxd5 exd5 5. Bg5 Be7 6. e3 c6 7. Bd3 h6 8. Bh4 Qb6 9. Qc2 Be6 10. Nge2 Nbd7 11. h3 Rc8 12. Nf4 c5 13. Bxf6 Nxf6 14. Nxe6 fxe6 15. Bg6+ Kf8 16. Rd1 cxd4 17. exd4 Bb4 18. 0-0 Bxc3 19. bxc3 Rc6 20. Rfe1 Ke7 21. Re3 Rhc8 22. Rde1 Qa5 23. Qf5 Qb6 24. Re5 Rd8 25. g4 Rdd6 26. h4 Rxc3 27. g5 hxg5 28. hxg5 Kd7 29. gxf6 exf5 30. Re7+ Kc8 31. Bxf5+ Kb8 32. Re8+ Rd8 33. f7 Rcc8 34. f8Q Rxe8 35. Rxe8 Rxe8 36. Qxe8+ Kc7 37. Qd7+ Kb8 38. Qc8# 1-0

[Event "Skalica op-B"]
[Site "Skalica"]
[Date "2022.08.25"]
[Round "6"]
[White "Sprusansky, Ferdinand"]
[Black "Drabek, Martin"]
[Result "0-1"]
[WhiteElo "1228"]
[BlackElo "1540"]
[PlyCount "72"]
[EventDate "2022.08.20"]
[EventType "swiss"]
[EventRounds "9"]
[EventCountry "SVK"]
[SourceTitle "CBM 209 Extra"]
[Source "ChessBase"]
[SourceDate "2022.09.30"]
[SourceVersion "1"]
[SourceVersionDate "2022.09.30"]
[SourceQuality "1"]

1. e4 e5 2. Nf3 Nc6 3. Bb5 Bc5 4. Nc3 Nf6 5. d3 h6 6. 0-0 d6 7. Re1 0-0 8. Be3 Nd4 9. Nxd4 exd4 10. Bf4 dxc3 11. bxc3 c6 12. Bc4 Be6 13. Bxe6 fxe6 14. d4 Bb6 15. e5 dxe5 16. dxe5 Qxd1 17. Raxd1 Nd5 18. Be3 Nxe3 19. fxe3 Rad8 20. Rd6 Rxd6 21. exd6 Rf5 22. c4 Rf7 23. a4 Rd7 24. Rd1 Bxe3+ 25. Kf1 Bc5 26. a5 Rxd6 27. Rxd6 Bxd6 28. h3 Bb4 29. a6 bxa6 30. Ke2 a5 31. Kd3 Be7 32. Kc3 a4 33. g4 Kf7 34. Kb2 e5 35. c3 e4 36. Kc2 e3 0-1

[Event "Skalica op-B"]
[Site "Skalica"]
[Date "2022.08.23"]
[Round "4"]
[White "Dubanova, Kristina"]
[Black "Drabek, Martin"]
[Result "1-0"]
[WhiteElo "1049"]
[BlackElo "1540"]
[PlyCount "47"]
[EventDate "2022.08.20"]
[EventType "swiss"]
[EventRounds "9"]
[EventCountry "SVK"]
[SourceTitle "CBM 209 Extra"]
[Source "ChessBase"]
[SourceDate "2022.09.30"]
[SourceVersion "1"]
[SourceVersionDate "2022.09.30"]
[SourceQuality "1"]

1. e4 e5 2. Nc3 Nf6 3. f4 exf4 4. Nf3 d6 5. d4 Be7 6. Bxf4 Bg4 7. Bc4 0-0 8. 0-0 Nbd7 9. Qe1 c6 10. Qg3 Bxf3 11. Rxf3 Nh5 12. Qh3 Nxf4 13. Rxf4 Nb6 14. Bd3 h6 15. Rg4 Bg5 16. Rf1 Qd7 17. Ne2 d5 18. Ng3 dxe4 19. Bxe4 Qxd4+ 20. Kh1 Qxb2 21. Rxg5 Rae8 22. Qxh6 Rxe4 23. Nxe4 f5 24. Qe6+ 1-0

[Event "Skalica op-B"]
[Site "Skalica"]
[Date "2021.08.28"]
[Round "8"]
[White "Kozusnik, Roman"]
[Black "Drabek, Martin"]
[Result "0-1"]
[WhiteElo "1368"]
[BlackElo "1482"]
[PlyCount "106"]
[EventDate "2021.08.21"]
[EventType "swiss"]
[EventRounds "9"]
[EventCountry "SVK"]
[SourceTitle "CBM 204 Extra"]
[Source "ChessBase"]
[SourceDate "2021.11.30"]
[SourceVersion "1"]
[SourceVersionDate "2021.11.30"]
[SourceQuality "1"]

1. d4 d5 2. c4 e6 3. Nc3 Nf6 4. e3 c6 5. Nf3 Nbd7 6. Bd3 Bd6 7. Qc2 h6 8. h3 0-0 9. 0-0 e5 10. dxe5 Bxe5 11. Bd2 Re8 12. Rae1 Nc5 13. Nxe5 Rxe5 14. f4 Re8 15. cxd5 Nxd5 16. Nxd5 Qxd5 17. Be2 Bf5 18. Qc4 Qxd2 19. Qxc5 Qxe3+ 20. Qxe3 Rxe3 21. Bf3 Rae8 22. Rxe3 Rxe3 23. Kf2 Re7 24. Rd1 Rd7 25. Ke3 Rxd1 26. Bxd1 Kf8 27. Kd4 Ke7 28. Ke5 Be6 29. a3 f6+ 30. Kd4 Kd6 31. b4 Bd5 32. g3 b6 33. Be2 c5+ 34. Kc3 g5 35. fxg5 fxg5 36. Bh5 Ke5 37. h4 gxh4 38. gxh4 Kf4 39. Be8 Kg4 40. h5 Kg5 41. Kd3 Bf3 42. bxc5 bxc5 43. Kc4 Bxh5 44. Bc6 Kf4 45. Kxc5 Bg6 46. a4 h5 47. a5 h4 48. Bd7 Bf5 49. Bxf5 Kxf5 50. Kc6 h3 51. Kb7 h2 52. Kxa7 h1Q 53. a6 Qc6 0-1

[Event "Skalica op-B"]
[Site "Skalica"]
[Date "2021.08.24"]
[Round "4"]
[White "Drabek, Martin"]
[Black "Cedzo, Adam"]
[Result "0-1"]
[WhiteElo "1482"]
[BlackElo "1793"]
[PlyCount "60"]
[EventDate "2021.08.21"]
[EventType "swiss"]
[EventRounds "9"]
[EventCountry "SVK"]
[SourceTitle "CBM 204 Extra"]
[Source "ChessBase"]
[SourceDate "2021.11.30"]
[SourceVersion "1"]
[SourceVersionDate "2021.11.30"]
[SourceQuality "1"]

1. e4 e5 2. Nf3 Nc6 3. Bc4 Bc5 4. d3 Nf6 5. Bg5 d6 6. Nc3 h6 7. Bh4 g5 8. Bg3 Bg4 9. h3 Bh5 10. Bh2 Na5 11. Bb5+ c6 12. Ba4 Qb6 13. 0-0 Qxb2 14. Nd5 Nxd5 15. exd5 b5 16. Bb3 Nxb3 17. axb3 cxd5 18. g4 Bg6 19. Qd2 b4 20. Rfb1 Qc3 21. Qxc3 bxc3 22. b4 Bb6 23. Ra6 0-0 24. Rb3 d4 25. Ne1 f5 26. Kg2 f4 27. f3 Bf7 28. Rba3 Bd5 29. Bg1 Bb7 30. R6a4 Bc6 0-1

[Event "Skalica Schaeffler op"]
[Site "Skalica"]
[Date "2020.08.26"]
[Round "5"]
[White "Dylong, Antoni"]
[Black "Drabek, Martin"]
[Result "1/2-1/2"]
[WhiteElo "1189"]
[BlackElo "1490"]
[PlyCount "63"]
[EventDate "2020.08.23"]
[EventType "swiss"]
[EventRounds "9"]
[EventCountry "SVK"]
[SourceTitle "CBM 198 Extra"]
[Source "ChessBase"]
[SourceDate "2020.11.30"]
[SourceVersion "1"]
[SourceVersionDate "2020.11.30"]
[SourceQuality "1"]

1. b4 e5 2. Bb2 d6 3. c4 Be6 4. e3 Nf6 5. Nf3 h6 6. Be2 Be7 7. d3 Nbd7 8. Nbd2 c6 9. Nb3 c5 10. bxc5 Nxc5 11. Nxc5 Qa5+ 12. Nd2 Qxc5 13. Qb3 b6 14. Qb5+ Qxb5 15. cxb5 Rc8 16. Bd1 Rc5 17. d4 exd4 18. Bxd4 Rc7 19. 0-0 Bc4 20. Nxc4 Rxc4 21. Bb3 Rc8 22. Rad1 Rd8 23. Rc1 0-0 24. Rc7 Rd7 25. Rfc1 Rfd8 26. Rxd7 Rxd7 27. Bxf6 Bxf6 28. Rc8+ Kh7 29. Rc2 g6 30. Bd5 Kg7 31. Bc6 Rc7 32. a4 1/2-1/2

[Event "Skalica Schaeffler op"]
[Site "Skalica"]
[Date "2020.08.24"]
[Round "3"]
[White "Podskubka, Ondrej"]
[Black "Drabek, Martin"]
[Result "1-0"]
[WhiteElo "1656"]
[BlackElo "1490"]
[PlyCount "71"]
[EventDate "2020.08.23"]
[EventType "swiss"]
[EventRounds "9"]
[EventCountry "SVK"]
[SourceTitle "CBM 198 Extra"]
[Source "ChessBase"]
[SourceDate "2020.11.30"]
[SourceVersion "1"]
[SourceVersionDate "2020.11.30"]
[SourceQuality "1"]

1. c4 e5 2. Nc3 Nf6 3. d4 exd4 4. Qxd4 Nc6 5. Qd1 Bb4 6. Bd2 a6 7. a3 Ba5 8. b4 Bb6 9. Bg5 Bd4 10. Qb3 h6 11. Bd2 Ne4 12. e3 Nxd2 13. Kxd2 Bf6 14. Nf3 d6 15. Be2 Be6 16. Rhd1 0-0 17. Ke1 Qe7 18. Rac1 Ne5 19. Nd5 Bxd5 20. Rxd5 c6 21. Rdd1 Rac8 22. a4 Rfd8 23. Kf1 Nxf3 24. Bxf3 Qe5 25. Kg1 Qb2 26. Qxb2 Bxb2 27. Rb1 Be5 28. b5 cxb5 29. cxb5 axb5 30. Rxb5 Bf6 31. Bxb7 Rc4 32. a5 Rb8 33. a6 Ra4 34. g3 Be7 35. Rc1 f6 36. Bd5+ 1-0

[Event "SVK-chT5 SE-SI 1920"]
[Site "Slovakia"]
[Date "2020.02.29"]
[Round "8.2"]
[White "Drabek, Martin"]
[Black "Novomeska, Karin"]
[Result "1/2-1/2"]
[WhiteElo "1398"]
[BlackElo "1331"]
[PlyCount "130"]
[EventDate "2019.10.19"]
[EventType "team-tourn"]
[EventRounds "14"]
[EventCountry "SVK"]
[SourceTitle "CBM 195 Extra"]
[Source "ChessBase"]
[SourceDate "2020.05.31"]
[SourceVersion "1"]
[SourceVersionDate "2020.05.31"]
[SourceQuality "1"]
[WhiteTeam "Skalica IV"]
[BlackTeam "Stefanov II"]
[WhiteTeamCountry "SVK"]
[BlackTeamCountry "SVK"]

1. d4 d5 2. c3 e6 3. Bf4 c5 4. Nf3 Nc6 5. Nbd2 Qb6 6. Qb3 Qxb3 7. axb3 Nf6 8. e3 a6 9. Bb5 Bd7 10. Bxc6 Bxc6 11. Bg5 Nd7 12. 0-0 Bd6 13. c4 0-0 14. Rfc1 Rac8 15. Bh4 Rfe8 16. Bg3 Be7 17. Ne5 Nxe5 18. Bxe5 f6 19. Bg3 Red8 20. dxc5 Bxc5 21. Rd1 Bb4 22. Nf3 dxc4 23. bxc4 Rxd1+ 24. Rxd1 Ba4 25. Rc1 b5 26. Nd4 e5 27. b3 exd4 28. bxa4 dxe3 29. axb5 e2 30. f3 Re8 31. bxa6 e1Q+ 32. Bxe1 Bxe1 33. Rb1 Bc3 34. a7 Bd4+ 35. Kf1 Bxa7 36. Rb7 Bd4 37. Rd7 Be5 38. g3 Rc8 39. f4 Bxf4 40. gxf4 Rxc4 41. Rd8+ Kf7 42. Rd7+ Kg6 43. f5+ Kh6 44. Rd5 Rf4+ 45. Kg2 Kg5 46. Kg3 Rxf5 47. h4+ Kg6 48. Rd7 h5 49. Rc7 Re5 50. Kf4 Rf5+ 51. Kg3 Rd5 52. Rb7 Rd3+ 53. Kg2 Rd4 54. Kg3 Rg4+ 55. Kh3 Kh6 56. Rb6 Rf4 57. Kg3 Rg4+ 58. Kh3 Kg6 59. Rc6 Re4 60. Rc7 Re6 61. Kg3 Re4 62. Rd7 Rg4+ 63. Kh3 Kh6 64. Rd6 Kg6 65. Rc6 Re4 1/2-1/2

[Event "SVK-chT4 A21 1920"]
[Site "Slovakia"]
[Date "2020.01.26"]
[Round "7.4"]
[White "Jancovicova, Petra"]
[Black "Drabek, Martin"]
[Result "1-0"]
[WhiteElo "1671"]
[BlackElo "1364"]
[PlyCount "105"]
[EventDate "2019.10.13"]
[EventType "team-tourn"]
[EventRounds "11"]
[EventCountry "SVK"]
[SourceTitle "CBM 194 Extra"]
[Source "ChessBase"]
[SourceDate "2020.03.31"]
[SourceVersion "1"]
[SourceVersionDate "2020.03.31"]
[SourceQuality "1"]
[WhiteTeam "Vrbove"]
[BlackTeam "Skalica III"]
[WhiteTeamCountry "SVK"]
[BlackTeamCountry "SVK"]

1. e4 e5 2. Nf3 Nc6 3. Bc4 Bc5 4. c3 d6 5. d3 h6 6. 0-0 Bg4 7. h3 Bh5 8. Nbd2 Nf6 9. Re1 0-0 10. Nf1 a6 11. Bb3 Qd7 12. Ng3 Bg6 13. Nh4 Ne7 14. Qf3 Kh7 15. Nxg6 fxg6 16. Be3 Nh5 17. Qe2 Nxg3 18. fxg3 Bxe3+ 19. Qxe3 Rf6 20. Bd1 Raf8 21. Bf3 Qb5 22. Qd2 h5 23. Re2 Qb6+ 24. Kh2 Qb5 25. a4 Qd7 26. Qg5 Ng8 27. g4 Qe7 28. gxh5 Re6 29. hxg6+ Rxg6 30. Qxe7 Nxe7 31. b4 Rgf6 32. b5 Ng6 33. Rd2 Nh4 34. Bg4 axb5 35. axb5 Rf2 36. Raa2 Rxd2 37. Rxd2 b6 38. g3 Nf3+ 39. Bxf3 Rxf3 40. Kg2 Rf7 41. h4 g6 42. g4 Kh6 43. Rf2 Rd7 44. Rf6 Kg7 45. g5 d5 46. Kf3 d4 47. c4 Re7 48. Kg4 Re8 49. Rc6 Re7 50. h5 gxh5+ 51. Kxh5 Rf7 52. Rg6+ Kf8 53. Rf6 1-0

[Event "Skalica op"]
[Site "Skalica"]
[Date "2020.01.11"]
[Round "2"]
[White "Bochnickova, Andrea"]
[Black "Drabek, Martin"]
[Result "1-0"]
[WhiteElo "2112"]
[BlackElo "1420"]
[PlyCount "75"]
[EventDate "2020.01.11"]
[EventType "swiss"]
[EventRounds "9"]
[EventCountry "SVK"]
[SourceTitle "CBM 194 Extra"]
[Source "ChessBase"]
[SourceDate "2020.03.31"]
[SourceVersion "1"]
[SourceVersionDate "2020.03.31"]
[SourceQuality "1"]

1. e4 e5 2. Nf3 Nc6 3. d4 exd4 4. Nxd4 Qf6 5. Be3 Bb4+ 6. c3 Ba5 7. g3 Nge7 8. Bg2 d6 9. 0-0 0-0 10. Nd2 Bb6 11. Nc4 Bxd4 12. cxd4 Re8 13. Rc1 Bd7 14. d5 Ne5 15. Nxe5 Qxe5 16. Bd4 Qg5 17. Rxc7 Bb5 18. f4 Qg6 19. Rf2 b6 20. a4 Ba6 21. Rfc2 h6 22. b4 Bc8 23. e5 Nf5 24. Bf2 h5 25. Qc1 Ne7 26. Rxe7 Bf5 27. Rxe8+ Rxe8 28. Rc6 Be4 29. Rxd6 Qf5 30. Qe3 Bxg2 31. Kxg2 Rc8 32. Rc6 Rxc6 33. dxc6 Qc2 34. b5 Kf8 35. Qd4 g6 36. e6 fxe6 37. Qf6+ Kg8 38. Qxe6+ 1-0

[Event "SVK-chT4 A21 1920"]
[Site "Slovakia"]
[Date "2019.12.15"]
[Round "5.4"]
[White "Drabek, Martin"]
[Black "Nedorost, Lubomir"]
[Result "1/2-1/2"]
[WhiteElo "1364"]
[BlackElo "1570"]
[PlyCount "120"]
[EventDate "2019.10.13"]
[EventType "team-tourn"]
[EventRounds "11"]
[EventCountry "SVK"]
[SourceTitle "CBM 194 Extra"]
[Source "ChessBase"]
[SourceDate "2020.03.31"]
[SourceVersion "1"]
[SourceVersionDate "2020.03.31"]
[SourceQuality "1"]
[WhiteTeam "Skalica III"]
[BlackTeam "Piestany Kupele III"]
[WhiteTeamCountry "SVK"]
[BlackTeamCountry "SVK"]

1. e4 c5 2. Nf3 Nc6 3. Bc4 d6 4. h3 Nf6 5. d3 g6 6. a3 Bg7 7. Nc3 Be6 8. Bxe6 fxe6 9. Ng5 Qd7 10. Be3 h6 11. Nf3 0-0 12. e5 Nd5 13. Nxd5 exd5 14. Qd2 Kh7 15. d4 cxd4 16. Nxd4 dxe5 17. Nxc6 bxc6 18. Bc5 a5 19. a4 e4 20. Rb1 Rf7 21. 0-0 e5 22. Rbd1 d4 23. c3 d3 24. Qe3 Qd5 25. Ba3 Qc4 26. Rfe1 Qxa4 27. Qxe4 Qxe4 28. Rxe4 Rd8 29. Rc4 Rc7 30. Bc5 Rd5 31. Bb6 Rc8 32. Rc5 Rxc5 33. Bxc5 e4 34. f3 Rb8 35. fxe4 Rxb2 36. Rxd3 Rb3 37. Rd7 Kg8 38. Bd4 Bxd4+ 39. cxd4 a4 40. Ra7 a3 41. Kf2 Rd3 42. Ra4 Rd2+ 43. Ke1 Rxg2 44. Rxa3 Rh2 45. Rc3 Kf7 46. Rxc6 Rxh3 47. e5 Rd3 48. Rd6 h5 49. Ke2 Rg3 50. Kf2 h4 51. Rf6+ Ke7 52. Rf3 Rg4 53. Ke3 Rg1 54. d5 g5 55. Ke4 g4 56. d6+ Ke8 57. Rf6 h3 58. Rh6 Re1+ 59. Kf4 g3 60. Kxg3 Rxe5 1/2-1/2

[Event "SVK-chT5 SE-SI 1920"]
[Site "Slovakia"]
[Date "2019.10.19"]
[Round "1.2"]
[White "Drabek, Martin"]
[Black "Kastler, Peter"]
[Result "1/2-1/2"]
[WhiteElo "1398"]
[BlackElo "1683"]
[PlyCount "75"]
[EventDate "2019.10.19"]
[EventType "team-tourn"]
[EventRounds "14"]
[EventCountry "SVK"]
[SourceTitle "CBM 193 Extra"]
[Source "ChessBase"]
[SourceDate "2020.01.31"]
[SourceVersion "1"]
[SourceVersionDate "2020.01.31"]
[SourceQuality "1"]
[WhiteTeam "Skalica IV"]
[BlackTeam "Jabuca Petrova Ves Gbely V"]
[WhiteTeamCountry "SVK"]
[BlackTeamCountry "SVK"]

1. e4 e6 2. Nf3 d5 3. exd5 exd5 4. d4 Nf6 5. Be2 Bd6 6. Bg5 0-0 7. 0-0 Bg4 8. Nc3 c6 9. h3 Bh5 10. a3 Nbd7 11. Re1 Re8 12. Nd2 Bxe2 13. Rxe2 Qb6 14. Nb3 Rxe2 15. Qxe2 Re8 16. Qd2 Ne4 17. Nxe4 Rxe4 18. Qa5 Re2 19. Rc1 f6 20. Be3 c5 21. Qxb6 axb6 22. Kf1 Rxe3 23. fxe3 c4 24. Nd2 f5 25. Ke2 Nf6 26. Rf1 Nh5 27. Ra1 Kf7 28. a4 Bc7 29. b3 Ng3+ 30. Kf3 c3 31. Nb1 Ne4 32. Ke2 Bd6 33. a5 b5 34. a6 bxa6 35. Rxa6 b4 36. Ra7+ Kf6 37. Ra5 Ke6 38. Ra7 1/2-1/2

[Event "SVK-chT5 SE-SI 1819"]
[Site "Slovakia"]
[Date "2019.01.26"]
[Round "6.2"]
[White "Drabek, Martin"]
[Black "Drozd, Jan"]
[Result "1/2-1/2"]
[WhiteElo "1450"]
[BlackElo "1525"]
[PlyCount "81"]
[EventDate "2018.10.20"]
[EventType "team-tourn"]
[EventRounds "10"]
[EventCountry "SVK"]
[SourceTitle "CBM 189 Extra"]
[Source "ChessBase"]
[SourceDate "2019.05.31"]
[SourceVersion "1"]
[SourceVersionDate "2019.05.31"]
[SourceQuality "1"]
[WhiteTeam "Skalica IV"]
[BlackTeam "Senica CVC IV"]
[WhiteTeamCountry "SVK"]
[BlackTeamCountry "SVK"]

1. e4 e5 2. Nf3 Nc6 3. Bc4 Bc5 4. d3 Nf6 5. Nc3 d6 6. h3 h6 7. a3 a5 8. 0-0 0-0 9. Re1 Re8 10. Be3 Bxe3 11. fxe3 Be6 12. Nd5 Bxd5 13. Bxd5 Nxd5 14. exd5 Ne7 15. c4 f5 16. e4 Rf8 17. d4 exd4 18. Nxd4 Qd7 19. Ne6 Rf7 20. Qd3 fxe4 21. Rxe4 Ng6 22. Rf1 Ne5 23. Qe2 Re8 24. Ref4 Rxf4 25. Rxf4 Rxe6 26. dxe6 Qxe6 27. Qe4 b6 28. b3 Qg6 29. Qxg6 Nxg6 30. Re4 Ne5 31. Kf1 Kf7 32. Ke2 g6 33. Rf4+ Ke7 34. Rh4 h5 35. Rf4 c6 36. Ke3 b5 37. cxb5 cxb5 38. Kd4 Ke6 39. Rf8 Nc6+ 40. Kd3 Kd5 41. Rf1 1/2-1/2

[Event "SVK-chT4A21 1415"]
[Site "Slovakia"]
[Date "2014.12.07"]
[Round "5.5"]
[White "Drabek, Martin"]
[Black "Bendzela, Tibor"]
[Result "0-1"]
[WhiteElo "1456"]
[BlackElo "1515"]
[PlyCount "110"]
[EventDate "2014.10.12"]
[EventType "team-tourn"]
[EventRounds "11"]
[EventCountry "SVK"]
[SourceTitle "EXT 2022"]
[Source "ChessBase"]
[SourceDate "2021.10.06"]
[SourceVersion "1"]
[SourceVersionDate "2021.10.06"]
[SourceQuality "1"]
[WhiteTeam "Skalica III"]
[BlackTeam "Senica Dragon II"]
[WhiteTeamCountry "SVK"]
[BlackTeamCountry "SVK"]

1. e4 d5 2. exd5 Qxd5 3. Nc3 Qa5 4. Bc4 Nf6 5. Nf3 Bf5 6. d3 c6 7. Ng5 e6 8. a3 Bd6 9. Bd2 Qc7 10. h3 Nbd7 11. Qe2 0-0 12. 0-0-0 b5 13. Bb3 a5 14. Nce4 Be7 15. g4 Bg6 16. h4 Nd5 17. h5 Bxe4 18. Qxe4 N5f6 19. Qf3 Ne5 20. Qe2 Nexg4 21. Bxe6 fxe6 22. Nxe6 Qa7 23. Nxf8 Bxf8 24. Rdf1 Re8 25. Qf3 b4 26. a4 Qc5 27. b3 Qd4 28. Kb1 Qc5 29. Qf4 Re2 30. f3 Bd6 31. Qc4+ Qxc4 32. dxc4 Nh2 33. Rd1 Nxf3 34. Bc1 Ne4 35. Bb2 Nfd2+ 36. Ka1 Nc3 37. Rde1 Rf2 38. Re8+ Kf7 39. Rd8 Ke7 40. Ra8 Nde4 41. Re1 Kf6 42. Rd8 Ke7 43. Ra8 g5 44. Bxc3 bxc3 45. Rxe4+ Kf7 46. Re1 g4 47. Rxa5 g3 48. Rg5 Kf6 49. Rg4 Rxc2 50. Rf1+ Rf2 51. Rc1 Be5 52. Kb1 g2 53. Rg8 Rb2+ 54. Ka1 Bd4 55. Rf1+ gxf1Q# 0-1

[Event "SVK-chT5 SE-SI 1415"]
[Site "Slovakia"]
[Date "2014.10.25"]
[Round "2.5"]
[White "Drabek, Martin"]
[Black "Svarc, Vaclav"]
[Result "1-0"]
[WhiteElo "1456"]
[BlackElo "1094"]
[PlyCount "84"]
[EventDate "2014.10.18"]
[EventType "team-tourn"]
[EventRounds "11"]
[EventCountry "SVK"]
[SourceTitle "EXT 2022"]
[Source "ChessBase"]
[SourceDate "2021.10.06"]
[SourceVersion "1"]
[SourceVersionDate "2021.10.06"]
[SourceQuality "1"]
[WhiteTeam "Skalica IV"]
[BlackTeam "Senica CVC III"]
[WhiteTeamCountry "SVK"]
[BlackTeamCountry "SVK"]

1. e4 e5 2. Nf3 Nc6 3. Bc4 Bc5 4. Nc3 d6 5. h3 Be6 6. Nd5 Bxd5 7. Bxd5 Nd4 8. d3 c6 9. Bc4 d5 10. exd5 cxd5 11. Bb3 Nf6 12. 0-0 0-0 13. Nxe5 Bd6 14. Nf3 Bc5 15. Nxd4 Bxd4 16. c3 Be5 17. Qf3 d4 18. Re1 Qd6 19. cxd4 Bxd4 20. Qxb7 Qc5 21. Be3 Rad8 22. Rac1 Rd7 23. Rxc5 Rxb7 24. Bxd4 Rd7 25. Bxf6 gxf6 26. Re3 h6 27. Rg3+ Kh7 28. Rc6 Rg8 29. Rxg8 Kxg8 30. Rxf6 Rxd3 31. Rxh6 Rd1+ 32. Bxd1 Kg7 33. Ra6 Kf8 34. Kh2 Ke8 35. Kg3 Kf8 36. Kf4 Ke8 37. Kf5 Ke7 38. Rxa7+ Kd6 39. Ra3 Kd5 40. Rd3+ Kc5 41. Ke5 Kc6 42. Bg4 Kc5 1-0